书目信息 |
| 题名: |
经纪管理
|
|
| 作者: | 塞尔 , Jry , 索拜克 , 麦克亚当斯 著 ;刘萍萍 , 齐志宏 , 丁艺 译 | |
| 分册: | ||
| 出版信息: | 北京 中信出版社 2001 |
|
| 页数: | 478页 | |
| 开本: | 21cm | |
| 丛书名: | 中外房地产丛书 | |
| 单 册: | ||
| 中图分类: | F293.3 | |
| 科图分类: | ||
| 主题词: | 房地产业--经济管理--研究 , 房地产业 , 经济管理 | |
| 电子资源: | ||
| ISBN: | 7-80073-297-5 | |
| 000 | 01548oam2 2200385 450 | |
| 001 | 012007851092 | |
| 005 | 20070605150150.00 | |
| 010 | @a7-80073-297-5@dCNY34.00 | |
| 100 | @a20070602d2001 km y0chiy0120 ea | |
| 101 | 1 | @achi@ceng |
| 102 | @aCN@b110000 | |
| 105 | @aa z 000yy | |
| 106 | @ar | |
| 200 | 1 | @a经纪管理@Ajing ji guan li@e新世纪的公司运作@f(美)约翰·E·塞尔,(美)琼·索拜克,(美)劳雷尔·D·麦克亚当斯著@F(mei)yue han·E·sai er,(mei)qiong·suo bai ke,(mei)lao lei er·D·mai ke ya dang si zhu@g刘萍萍,齐志宏,丁艺译@Gliu ping ping,qi zhi hong,ding yi yi |
| 210 | @a北京@c中信出版社@d2001 | |
| 215 | @a478页@c图@d21cm | |
| 225 | 2 | @a中外房地产丛书@Azhong wai fang di chan cong shu |
| 305 | @a据Real Estate Education Company 1999年译出 | |
| 330 | @a本书展示了为创建房地产经纪公司并保持公司按照正确的航线前进,你所需要了解的成功管理的5个步骤:计划、组织、员工配备、指导和招聘等。 | |
| 410 | 0 | @12001 @a中外房地产丛书 |
| 510 | 1 | @aReal estate brokerage@ea management guide@zeng |
| 517 | 1 | @a新世纪的公司运作@Axin shi ji de gong si yun zuo |
| 606 | 0 | @a房地产业@x经济管理@x研究 |
| 606 | 0 | @a房地产业 |
| 606 | 0 | @a经济管理 |
| 690 | @aF293.3@v4 | |
| 701 | 1 | @c(美)@a塞尔@Asai er@b约翰@4著 |
| 701 | 1 | @c(美)@aJry@bJ.E.@4著 |
| 701 | 1 | @c(美)@a索拜克@Asuo bai ke@b琼@4著 |
| 701 | 1 | @c(美)@a麦克亚当斯@Amai ke ya dang si@b劳雷尔·D@4著 |
| 702 | 0 | @a刘萍萍@Aliu ping ping@4译 |
| 702 | 0 | @a齐志宏@Aqi zhi hong@4译 |
| 702 | 0 | @a丁艺@Ading yi@4译 |
| 801 | 0 | @aCN@bRULIN@c20070605 |
| 905 | @dF293.3@e567@s8 | |
| 经纪管理:新世纪的公司运作/(美)约翰·E·塞尔,(美)琼·索拜克,(美)劳雷尔·D·麦克亚当斯著/刘萍萍,齐志宏,丁艺译.-北京:中信出版社,2001 |
| 478页:图;21cm.-(中外房地产丛书) |
| ISBN 7-80073-297-5:CNY34.00 |
| 本书展示了为创建房地产经纪公司并保持公司按照正确的航线前进,你所需要了解的成功管理的5个步骤:计划、组织、员工配备、指导和招聘等。 |
| ● |
| 相关链接 |
|
|
|
|
正题名:经纪管理
索取号:F293.3/567
 
预约/预借
| 序号 | 登录号 | 条形码 | 馆藏地/架位号 | 状态 | 备注 |
| 1 | 0582170 | 205821707 | 第一样本阅览室/ [索取号:F293.3/567] | 在馆 | |
| 2 | 0582171 | 205821716 | 第一借阅区/ [索取号:F293.3/567] | 在馆 | |
| 3 | 0582172 | 205821725 | 密集书库/ [索取号:F293.3/567] | 在馆 | |
| 4 | 0582173 | 205821734 | 密集书库/ [索取号:F293.3/567] | 在馆 | |
| 5 | 0582174 | 205821743 | 第一借阅区/ [索取号:F293.3/567] | 在馆 | |
| 6 | 0582175 | 205821752 | 第一借阅区/ [索取号:F293.3/567] | 在馆 | |
| 7 | 0582176 | 205821761 | 第一借阅区/ [索取号:F293.3/567] | 在馆 | |
| 8 | 0582177 | 205821770 | 密集书库/ [索取号:F293.3/567] | 在馆 |